| 000 | 00657cam a2200193 a 4500 | ||
|---|---|---|---|
| 001 | 000004704 | ||
| 005 | 20200929151504.0 | ||
| 008 | 021209s1938 sp a b 000 f spa | ||
| 040 |
_aDO-SdBNP _bspa _cBNPHU |
||
| 082 |
_a828.99343 _bR696f, 1938 |
||
| 100 | 1 |
_aCasona, Alejandro, _q(Alejandro Rodríguez Álvarez) _d1903-1965. _913704 |
|
| 245 | 1 | 0 |
_aFlor de leyendas : _blecturas literarias para niños / _cAlejandro Casona. |
| 250 | _a4a ed. | ||
| 260 |
_aMadrid : _bEspasa-Calpe, _c1938. |
||
| 300 |
_a194 p. : _bil. ; _c20 cm. |
||
| 586 | _aPremio Nacional de Literatura, 1932. | ||
| 650 | 4 |
_aNovela austríaca _913705 |
|
| 650 | 4 |
_aLiteratura austríaca _94014 |
|
| 999 |
_c4510 _d4510 |
||